000 00627nam a2200241Ia 4500
005 20260430150305.0
008 008 250103s9999 xx 000 0 eng d
037 _aTheses
040 _aCRL
040 _beng
040 _ceng
041 _2eng
041 _aeng
084 _qCRL
100 _aJhamb Garvita Au.; Meera Gu.
_91237048
245 2 _aA Scientometric Study of Periodical Literature in Geology
260 _c2023
300 _a385
650 _aArts
700 _aUnversity of Delhi. Faculty of Arts. Deptt.of Library and Information Science
_91237049
942 _cTH
999 _c1849430
_d1849430